00805 2200193 4500001002100000005001500021035002000036008004100056082001600097245005200113260003700165650001200202650001200214520029400226100002800520084002200548300002800570990001300598INLIS00000000000050620260430064628 a0010-0521000506260430 g 0 dut  a908(922.12)1 aIets over oud-Batavia /cP. de Roo de la Faille aBatavia :bG. Kolff & Co.,c1919 4aBATAVIA 4aHISTORY aMenguraikan permulaaan didirikannya kota Batavia pada tahun 1619 dan perkembangannya di berbagai bidang kehidupan selama 300 tahun kemudian pada tahun 1919. Outlines the first establishment of Batavia City in 1619 and its development in various fields of life over 300 years later in 1919.0 aFAILLE, P. de Roo de la a908(922.12) FAI i a56 p. :bill. ;c26 cm. aL8328/72